| 000 | 01895cam a2200361 i 4500 | ||
|---|---|---|---|
| 001 | 113610 | ||
| 005 | 20230411085629.0 | ||
| 008 | 131022b2006 mx a 000 0 spa | ||
| 020 | _a9789702710288 | ||
| 020 | _a9702710286 2006 | ||
| 041 | 0 | _aspa | |
| 050 | 1 | 4 |
_aZ 284 _bF727d 2006 |
| 082 | 0 | 0 | _a002 |
| 111 | 2 |
_aForo Internacional de Editores _n(4 : _d2005 : _cGuadalajara, Jalisco, México) |
|
| 245 | 1 | 3 |
_aLa distribución del libro en el continente americano : _bmemoria del IV Foro Internacional de Editores / _cFeria Internacional del Libro de Guadalajara ; Alberto Ottieri ... [et al.]. |
| 260 |
_aGuadalajara : _bCámara Nacional de la Industria Editorial Mexicana : _bUniversidad de Guadalajara, _c2006. |
||
| 300 |
_a93 p. ; _c23 cm. |
||
| 440 | 0 | _aMemoria del IV Foro Internacional de Editores FIL Guadalajara 2005 | |
| 500 | _a"El Foro Internacional de Editores y Profesionales del Libro se realizó el 30 de noviembre y 1 de diciembre de 2005 en el marco de la XIX Feria Internacional del Libro de Guadalajara"--P. 7 | ||
| 500 | _aSubtítulo tomado de la carátula. | ||
| 650 | 0 |
_aBooksellers and bookselling _vCongresses. |
|
| 611 | 2 | 4 |
_aFeria Internacional del Libro de Guadalajara _d(2005 : _cGuadalajara, Jalisco, México) |
| 650 | 4 |
_aDifusión del libro _zAmérica Latina _vCongresos, conferencias, etc. |
|
| 650 | 4 |
_aIndustria del libro _zAmérica Latina _vCongresos, conferencias, etc. |
|
| 650 | 4 |
_aDifusión del libro _zEstados Unidos _vCongresos, conferencias, etc. |
|
| 650 | 4 |
_aIndustria del libro _zEstados Unidos _vCongresos, conferencias, etc. |
|
| 650 | 4 | _aPrimera Jornada de Catalogacion. | |
| 700 | 1 | _aOttieri, Alberto. | |
| 710 | 2 | _aCámara Nacional de la Industria Editorial Mexicana. | |
| 710 | 2 | _aUniversidad de Guadalajara. | |
| 711 | 2 |
_aFeria Internacional del Libro de Guadalajara _n(19th : _d2005 : _cGuadalajara, Mexico) |
|
| 942 |
_2lcc _cbk |
||
| 999 |
_c104987 _d104987 |
||